• 首页
  • 本馆介绍
  • 公告通知
  • 最新文献
  • 馆藏检索
  • 电子资源
  • 读者导购
  • 参考咨询
  • 我的图书馆
  • 登录
  • 详细信息显示
  • 放入我的书架
  • 预约/预借图书
  • 作者相关作品
  • 分类相关作品
  • 丛书相关作品
  • 出版社相关作品

书目信息

  • 表格格式
  • 工作单格式
  • 卡片格式
题名:
工厂工程管理
    
 
作者: 中井重行 著 ;庄拯时 译
分册:  
出版信息: 南宁   广西人民出版社  1984
页数: 353页
开本: 19cm
丛书名:
单 册:
中图分类: TB49
科图分类:
主题词: 工程管理-工业建筑 , 工业建筑-工程管理
电子资源:
ISBN:
000 00703nam0 2200253 45
001 0184013982
005 20060809111608.62
010    @dCNY1.35
091    @a4113.122
100    @a19950303d1984 em y0chiy0121 ea
101 1  @achi@cjpn
102    @aCN@b450000
105    @ay z 000yy
200 10 @a工厂工程管理@Agong chang gong cheng guan li@f(日)中井重行著@g庄拯时等译
210    @a南宁@c广西人民出版社@d1984
215    @a353页@d19cm
606    @a工程管理-工业建筑
606    @a工业建筑-工程管理
690    @aTB49@v3
701  0 @a中井重行@Azhong jing chong xing@4著
702  0 @a庄拯时@Azhuang zheng shi@4译
801  2 @aCN@bNLC@c20060809
801  0 @aCN@bTSSF
905    @a10447@dTB49@e122
    
    工厂工程管理/(日)中井重行著/庄拯时等译.-南宁:广西人民出版社,1984
    353页;19cm
    
    
    ISBN :CNY1.35
    
●
相关链接 在E读中查询图书 在五车中查询图书 在当当中查询图书 在豆瓣中查询图书


正题名:工厂工程管理     索取号:TB49/122         预约/预借

序号 登录号 条形码 馆藏地/架位号 状态 备注
1 0451928   204519280   密集书库/ [索取号:TB49/122] 在馆    
唐山师范学院图书馆 欢迎您!
大连网信软件有限公司© 版权所有